| 000 | 00395nam a22001697a 4500 | ||
|---|---|---|---|
| 003 | OSt | ||
| 005 | 20210916082144.0 | ||
| 008 | 210916b |||||||| |||| 00| 0 eng d | ||
| 020 | _a0205306977 | ||
| 040 | _cHU | ||
| 082 |
_23rd _a613/DON |
||
| 100 |
_aDanatelle Davir _94215 |
||
| 245 | _aHealth The Basics | ||
| 260 |
_aLONDON _bALLYAN AND BACON _c1998 |
||
| 300 | _a444 | ||
| 942 |
_2ddc _cBOOKS _n0 |
||
| 999 |
_c4286 _d4286 |
||